Most Loved NCS Songs From Each Year - Statistics

General Stats
  • This quiz has been taken 9 times
  • The average score is 9 of 12
Answer Stats
Year Creator Song Views % Correct
2016 Spitfya, Desembra Cut The Check 4,2M
100%
2021 Netrum, Halvorsen Phoenix 11M
100%
2013 Mako, Angel Taylor Beam 1,6M (before remove)
88%
2024 Skybreak, Keepsake Comet 345K
88%
2015 Syntact Shallow 2,1M
88%
2020 Netrum, Halvorsen Colorblind 2,6M
75%
2014 The Eden Project Chasing Ghosts 5,6M
63%
2017 Icehunt, Helen Tess Hover 2,1M
63%
2018 Tobu Return To The Wild 3,1M
63%
2022 Everen Maxwell Bot Fight 662K
50%
2019 Omri Dis\Honest 1,4M
50%
2023 JNATHYN, Bryan Andrew Medina Clockwork 645K
38%
No matching quizzes found
Score Distribution
Percent of People with Each Score
Percentile by Number Answered
Your Score History
You have not taken this quiz